000 00839nam a2200241Ia 4500
003 GCL
008 140319s9999 xx 000 0 ara d
040 _aGCL /
_cGCL
082 0 4 _a811.9
_bص ا
100 1 _aصلاح عبدالصبور
245 1 0 _aالاعمال الكاملة: صلاح عبدالصبور الاوراق السياسية /
_cصلاح عبدالصبور
260 _a[S.N] :
_bالهيئة المصرية العامة للكتاب ،
_c1992
300 _a751 ص
490 _a
650 0 4 _aالادب العربى
650 0 4 _aالمقالات العربية
650 0 4 _aالثقافة العربية
650 0 4 _aالقومية العربية
650 0 4 _aالتنوير
650 0 4 _aصلاح عبدالصبور
650 0 4 _aالشعر العربى - العصر الحديث
942 _2ddc
_cBK
999 _c37217
_d37217